KUMARBHARATI STD. 10TH (Record no. 513941)

MARC details
000 -LEADER
fixed length control field 00407pam a2200157a 44500
008 - FIXED-LENGTH DATA ELEMENTS--GENERAL INFORMATION
fixed length control field 230515b1993 xxu||||| |||| 00| 0 eng d
020 ## - INTERNATIONAL STANDARD BOOK NUMBER
International Standard Book Number -
041 ## - LANGUAGE CODE
Language code of text/sound track or separate title MARATHI
082 ## - DEWEY DECIMAL CLASSIFICATION NUMBER
Classification number 491.46 PHA
100 ## - MAIN ENTRY--PERSONAL NAME
Personal name PHADAKE BHALCHANDRA
245 ## - TITLE STATEMENT
Title KUMARBHARATI STD. 10TH
250 ## - EDITION STATEMENT
Edition statement REPRI
260 ## - PUBLICATION, DISTRIBUTION, ETC.
Place of publication, distribution, etc. PUNE
Name of publisher, distributor, etc. MAHARASHTRA STATE BUREAU TEXT BOOK
Date of publication, distribution, etc. 1993
300 ## - PHYSICAL DESCRIPTION
Extent 160
650 ## - SUBJECT ADDED ENTRY--TOPICAL TERM
Topical term or geographic name entry element KUMARBHARATI STD. 10TH, MARATHI

No items available.